书目信息 |
| 题名: |
摧毁自己
|
|
| 作者: | 方舟 著 | |
| 分册: | ||
| 出版信息: | 北京 作家出版社 1995.11 |
|
| 页数: | 182页 | |
| 开本: | 20cm | |
| 丛书名: | ||
| 单 册: | ||
| 中图分类: | I222.7 | |
| 科图分类: | ||
| 主题词: | 诗歌--中国 , 韵文--中国 | |
| 电子资源: | ||
| ISBN: | 7-5063-0988-2 | |
| 000 | 00597nam0 2200217 450 | |
| 001 | 1164411297 | |
| 005 | 20111226175438.54 | |
| 010 | @a7-5063-0988-2@dCNY19.70 | |
| 100 | @a20111226d1995 km y0chiy0120 ea | |
| 101 | 0 | @achi |
| 102 | @aCN@b110000 | |
| 105 | @az z 000yy | |
| 200 | 1 | @a摧毁自己@Acui hui zi ji@f方舟著@Ffang zhou zhu |
| 210 | @a北京@c作家出版社@d1995.11 | |
| 215 | @a182页@d20cm | |
| 606 | 0 | @a诗歌@x中国 |
| 606 | 0 | @a韵文@x中国 |
| 690 | @aI222.7@v4 | |
| 701 | 0 | @a方舟@Afang zhou@4著 |
| 801 | 0 | @aCN@b大连网信软件有限公司图书馆·11@c20111226 |
| 905 | @aZUCC@dI222.7@eF278@f5 | |
| 摧毁自己/方舟著.-北京:作家出版社,1995.11 |
| 182页;20cm |
| ISBN 7-5063-0988-2:CNY19.70 |
| ● |
| 相关链接 |
|
|
|
正题名:摧毁自己
索取号:I222.7/F278
 
预约/预借
| 序号 | 登录号 | 条形码 | 馆藏地/架位号 | 状态 | 备注 |
| 1 | 1069554 | 210695540 | 文学库108/108文学库 16排3列4层/ [索取号:I222.7/F278] | 在馆 | |
| 2 | 1069555 | 210695559 | 文学库108/108文学库 16排3列4层/ [索取号:I222.7/F278] | 在馆 | |
| 3 | 1069556 | 210695568 | 文学库108/108文学库 16排3列4层/ [索取号:I222.7/F278] | 在馆 | |
| 4 | 1069557 | 210695577 | 文学库108/108文学库 16排3列4层/ [索取号:I222.7/F278] | 在馆 | |
| 5 | 1069558 | 210695586 | 文学库108/108文学库 16排3列4层/ [索取号:I222.7/F278] | 在馆 |